Sports Quiz

Random Sports or Soccer Quiz

Played every Premier League game 08-09 Quiz Stats

Quiz not verified by Sporcle

Challenge
Share
Tweet
Embed
Score 0/19 Timer 06:00
0 Plays Today
Team Name % Correct
EvertonTim Howard
96.6%
LiverpoolJamie Carragher
95.3%
Aston VillaBrad Friedel
94.8%
LiverpoolJose Reina
94.5%
LiverpoolDirk Kuyt
93.8%
BoltonKevin Davies
90.6%
West Ham UtdRobert Green
89.9%
FulhamMark Schwarzer
86.8%
PortsmouthPeter Crouch
84.2%
Aston VillaGareth Barry
82.1%
Team Name % Correct
Aston VillaJames Milner
75.3%
BoltonJussi Jaaskelainen
72.7%
FulhamDanny Murphy
71.9%
PortsmouthSylvain Distin
60.5%
FulhamAaron Hughes
59.2%
Wigan AthleticMaynor Figueroa
55.3%
Hull CityMichael Turner
51.7%
BoltonJlloyd Samuel
29.6%
BoltonFabrice Muamba
24.4%

You're not logged in!

Compare scores with friends on all Sporcle quizzes.
Sign Up with Email
OR
Log In

You Might Also Like...

Show Comments

Extras

Top Quizzes Today


Score Distribution

Your Account Isn't Verified!

In order to create a playlist on Sporcle, you need to verify the email address you used during registration. Go to your Sporcle Settings to finish the process.